01193nam a22001217a 4500020001800000082001900018245003000037260006500067300001000132520082800142650007700970700002401047 a9788188671236 a005.8011bMAN- aManthanb: cyber suraksha aDelhibForum for Awareness of National Security (Fans)c2018 a113p. aIn the 21st century characterized by the rapid shift from traditional society to the digital age society. During this information age, computer-based knowledge and new media system has flown so high. Cyberspace evolution of technology in daily life has led to the fact that the new information and communication process has become the driving force of social change. Our day to day life continue depends on network-based technologies and this network-centric life faced challenges from an unauthorized person, so we must need security on our system. Cybersecurity are the techniques of protecting computers, network, programs and data from unauthorized access that are aimed for exploitation. This book aware various dimension of cyber malware and security systems for common person as well as related student and teachers. aComputer SciencevSecurityvCyber Security-- Social Aspect vTerrorssium aPandey, Girish Kant